[Event "Brighton e2e4 Major"]
[Site "Brighton"]
[Date "2013.02.17"]
[Round "3"]
[White "Crouch, Timothy J"]
[Black "Wicks, Keith"]
[Result "1/2-1/2"]
[WhiteElo "1603"]
[BlackElo "1542"]
[PlyCount "52"]
[EventDate "2013.02.16"]
[EventType "swiss"]
[EventRounds "9"]
[EventCountry "ENG"]
[SourceTitle "EXT 2014"]
[Source "ChessBase"]
[SourceDate "2013.11.20"]
[SourceVersion "1"]
[SourceVersionDate "2013.11.20"]
[SourceQuality "1"]

1. e4 c6 2. d4 d5 3. e5 Bf5 4. Bd3 Bxd3 5. Qxd3 e6 6. Nf3 Be7 7. 0-0 h6 8. Nbd2 Nd7 9. a3 c5 10. Qb3 Qb6 11. Qxb6 axb6 12. c3 Bd8 13. b4 c4 14. Bb2 b5 15. h3 Nb6 16. Nb1 Ne7 17. Nh4 Nc6 18. Nf3 0-0 19. Bc1 Ne7 20. Ra2 Nc6 21. Nh2 Nd7 22. f4 f5 23. Raf2 Bb6 24. Kh1 Kh7 25. g4 g6 26. Rg2 Rg8 1/2-1/2